<?xml version="1.0" encoding="UTF-8"?>
<record
    xmlns:xsi="http://www.w3.org/2001/XMLSchema-instance"
    xsi:schemaLocation="http://www.loc.gov/MARC21/slim http://www.loc.gov/standards/marcxml/schema/MARC21slim.xsd"
    xmlns="http://www.loc.gov/MARC21/slim">

  <leader>00900nam a22002537a 4500</leader>
  <controlfield tag="005">20170123162304.0</controlfield>
  <datafield tag="010" ind1=" " ind2=" ">
    <subfield code="a">B-284056</subfield>
  </datafield>
  <datafield tag="020" ind1=" " ind2=" ">
    <subfield code="c">220.00</subfield>
    <subfield code="a">818042023</subfield>
  </datafield>
  <datafield tag="035" ind1=" " ind2=" ">
    <subfield code="a">B-284056</subfield>
  </datafield>
  <datafield tag="037" ind1=" " ind2=" ">
    <subfield code="b">Cen Lib/Ret</subfield>
  </datafield>
  <datafield tag="040" ind1=" " ind2=" ">
    <subfield code="a">DPL</subfield>
    <subfield code="b">UR</subfield>
  </datafield>
  <datafield tag="082" ind1=" " ind2=" ">
    <subfield code="a">840.8</subfield>
    <subfield code="b">&#x634; &#x628; &#x627;</subfield>
  </datafield>
  <datafield tag="100" ind1=" " ind2=" ">
    <subfield code="a">&#x634;&#x628;&#x627;&#x628; &#x644;&#x644;&#x62A; </subfield>
    <subfield code="9">661</subfield>
  </datafield>
  <datafield tag="245" ind1=" " ind2=" ">
    <subfield code="a">&#x627;&#x626;&#x6CC;&#x646;&#x648; &#x6A9;&#x6D2; &#x631;&#x648; &#x628;&#x631;&#x648; /</subfield>
    <subfield code="c">&#x634;&#x628;&#x627;&#x628; &#x644;&#x644;&#x62A; </subfield>
  </datafield>
  <datafield tag="246" ind1=" " ind2=" ">
    <subfield code="a">Aeeno ke roo-baroo /</subfield>
    <subfield code="b">by Shabab Lalit </subfield>
  </datafield>
  <datafield tag="260" ind1=" " ind2=" ">
    <subfield code="a">&#x646;&#x6CC;&#x648; &#x62F;&#x6C1;&#x644;&#x6CC; </subfield>
    <subfield code="b">&#x645;&#x627;&#x688;&#x631;&#x646; &#x67E;&#x628;&#x644;&#x634;&#x646;&#x6AF; &#x6C1;&#x627;&#x624;&#x633; </subfield>
    <subfield code="c">2007</subfield>
  </datafield>
  <datafield tag="270" ind1=" " ind2=" ">
    <subfield code="a">&#x669;-&#x627;&#x60C; &#x6AF;&#x648;&#x644;&#x6C1; &#x645;&#x627;&#x631;&#x6A9;&#x6CC;&#x679;&#x60C; &#x62F;&#x627;&#x631;&#x6CC;&#x627;&#x6AF;&#x646;&#x62C; </subfield>
    <subfield code="b">&#x646;&#x6CC;&#x648; &#x62F;&#x6C1;&#x644;&#x6CC; </subfield>
    <subfield code="e">110002</subfield>
  </datafield>
  <datafield tag="300" ind1=" " ind2=" ">
    <subfield code="a">144p. </subfield>
    <subfield code="c">21cm(Hb)</subfield>
  </datafield>
  <datafield tag="650" ind1=" " ind2=" ">
    <subfield code="a"> &#x627;&#x62F;&#x628; - &#x627;&#x631;&#x62F;&#x648;</subfield>
    <subfield code="9">109069</subfield>
  </datafield>
  <datafield tag="650" ind1=" " ind2=" ">
    <subfield code="a"> &#x627;&#x631;&#x62F;&#x648; &#x634;&#x627;&#x639;&#x631;&#x6CC; - &#x62A;&#x627;&#x631;&#x6CC;&#x62E; &#x627;&#x648;&#x631; &#x62A;&#x646;&#x642;&#x6CC;&#x62F;.</subfield>
    <subfield code="9">109070</subfield>
  </datafield>
  <datafield tag="650" ind1=" " ind2=" ">
    <subfield code="a">Literature -- Urdu </subfield>
    <subfield code="9">109071</subfield>
  </datafield>
  <datafield tag="650" ind1=" " ind2=" ">
    <subfield code="a"> Urdu poetry -- History and criticism. </subfield>
    <subfield code="9">109072</subfield>
  </datafield>
  <datafield tag="942" ind1=" " ind2=" ">
    <subfield code="2">ddc</subfield>
    <subfield code="c">UR</subfield>
    <subfield code="h">840.8</subfield>
    <subfield code="m">&#x634; &#x628; &#x627;</subfield>
  </datafield>
  <datafield tag="999" ind1=" " ind2=" ">
    <subfield code="c">106203</subfield>
    <subfield code="d">106203</subfield>
  </datafield>
  <datafield tag="952" ind1=" " ind2=" ">
    <subfield code="0">0</subfield>
    <subfield code="1">0</subfield>
    <subfield code="4">0</subfield>
    <subfield code="7">0</subfield>
    <subfield code="a">L</subfield>
    <subfield code="b">L</subfield>
    <subfield code="d">2015-12-16</subfield>
    <subfield code="e">Cen Lib/Ret</subfield>
    <subfield code="g">220.00</subfield>
    <subfield code="l">0</subfield>
    <subfield code="o">840.8 &#x634; &#x628; &#x627;</subfield>
    <subfield code="p">B-284056</subfield>
    <subfield code="r">2015-12-16 00:00:00</subfield>
    <subfield code="t">1</subfield>
    <subfield code="v">220.00</subfield>
    <subfield code="w">2015-12-16</subfield>
    <subfield code="y">UR</subfield>
  </datafield>
</record>
